Das Reich in uns. (Record no. 1162)
[ view plain ]
| 000 -LEADER | |
|---|---|
| fixed length control field | 01307cam a22002651 4500 |
| 001 - CONTROL NUMBER | |
| control field | af 47001217 |
| 003 - CONTROL NUMBER IDENTIFIER | |
| control field | DLC |
| 005 - DATE AND TIME OF LATEST TRANSACTION | |
| control field | 20260227110807.0 |
| 008 - FIXED-LENGTH DATA ELEMENTS--GENERAL INFORMATION | |
| fixed length control field | 800328s1943 gw 000 0 ger c |
| 010 ## - LIBRARY OF CONGRESS CONTROL NUMBER | |
| LC control number | af 47001217 |
| 035 ## - SYSTEM CONTROL NUMBER | |
| System control number | (OCoLC)6141405 |
| 040 ## - CATALOGING SOURCE | |
| Original cataloging agency | Harvard Univ. Library |
| Transcribing agency | NSbSU |
| Modifying agency | DLC |
| 042 ## - AUTHENTICATION CODE | |
| Authentication code | premarc |
| 050 00 - LIBRARY OF CONGRESS CALL NUMBER | |
| Classification number | PT2638.A56 |
| Item number | R4 |
| 082 ## - DEWEY DECIMAL CLASSIFICATION NUMBER | |
| Classification number | 834.91 |
| 100 1# - MAIN ENTRY--PERSONAL NAME | |
| Personal name | Schaffner, Jakob, |
| Dates associated with a name | 1875-1944. |
| 245 14 - TITLE STATEMENT | |
| Title | Das Reich in uns. |
| 260 ## - PUBLICATION, DISTRIBUTION, ETC. | |
| Place of publication, distribution, etc. | Berlin, |
| Name of publisher, distributor, etc. | Verlag Grenze und ausland gmbh |
| Date of publication, distribution, etc. | [1943] |
| 300 ## - PHYSICAL DESCRIPTION | |
| Extent | 203 p. |
| Dimensions | 21 cm. |
| 490 0# - SERIES STATEMENT | |
| Series statement | Schriftenreihe der zeitschrift Deutsche arbeit, hrsg. von Dorothea Goedicke. |
| Volume/sequential designation | Bd. 4 |
| 500 ## - GENERAL NOTE | |
| General note | "Sammlung von reden und aufsätzen aus drei jahrzehnten."--Zum geleit. |
| 505 0# - FORMATTED CONTENTS NOTE | |
| Formatted contents note | Das heute: Die neue rune. Zwiesprache mit den jungen. Die frauen. Über kultur. Über ehrfurcht. Was wird sein? Unter dem gesetz. Starke und schöne dinge. Leben aus dem tod. Von der macht. Der sinn. Zur nation gereift. Die toten stehen auf. Von der urkraft. Die innere linie. Der habicht.--Der weg 1917 bis 1940: Der grosse austrag 1917. Die deutsche auferstehung 1919. Entscheidung. Von der landschaft 1933. Heimat in der dichtung. Vom wesen der deutschen reichsidee 1941. |
| 651 #0 - SUBJECT ADDED ENTRY--GEOGRAPHIC NAME | |
| Geographic name | Germany |
| General subdivision | History |
| Chronological subdivision | 1918-1933. |
| 651 #0 - SUBJECT ADDED ENTRY--GEOGRAPHIC NAME | |
| Geographic name | Germany |
| General subdivision | History |
| Chronological subdivision | 1933-1945. |
No items available.